Od spokojnosti k lojalite

1. ročník celoslovenskej konferencie Loyalty Forum 2002, ktorá sa uskutočnila 9.10. 2002. Potreba budovať lojalitu zákazníkov - celosvetový trend v marketingu. Marketingové nástroje pri budovaní lojality na Slovensku - štandardný marketing, vernostné programy, riadenie vzťahov so zákazníkom /CRM/. L...

Descrizione completa

Salvato in:
Dettagli Bibliografici
Natura: Capitolo di libro
Lingua:slovacco
Soggetti:
Tags: Aggiungi Tag
Nessun Tag, puoi essere il primo ad aggiungerne!!

MARC

LEADER 00000naa a2200000 4500
001 r047579
005 20231003075928.2
041 0 |a slo 
044 |a SK 
245 1 0 |a Od spokojnosti k lojalite 
520 |a 1. ročník celoslovenskej konferencie Loyalty Forum 2002, ktorá sa uskutočnila 9.10. 2002. Potreba budovať lojalitu zákazníkov - celosvetový trend v marketingu. Marketingové nástroje pri budovaní lojality na Slovensku - štandardný marketing, vernostné programy, riadenie vzťahov so zákazníkom /CRM/. Lojalita v praxi. Ako získať lojálnych zákazníkov a byť ziskový. 
610 2 0 |a marketing 
610 2 0 |a lojálnosť zákazníkov 
610 2 0 |a nástroje marketingové 
610 2 0 |a zákazníci 
610 2 0 |a Slovensko 
610 2 0 |a konferencie